انجمن ترقی اردو [ہند] کی علمی اور ادبی خدمات / (Record no. 170728)

MARC details
000 -LEADER
fixed length control field 00619nam a22001937a 4500
005 - DATE AND TIME OF LATEST TRANSACTION
control field 20191224111526.0
010 ## - LCCN (DPL NO)
LC control number A-835193
020 ## - INTERNATIONAL STANDARD BOOK NUMBER
Terms of availability 200.00
035 ## - SYSTEM CONTROL NUMBER
System control number A-835193
037 ## - SOURCE OF ACQUISITION
Source of stock number/acquisition BPPD/Pub.
082 ## - DEWEY DECIMAL CLASSIFICATION NUMBER
Classification number 840
100 ## - MAIN ENTRY--PERSONAL NAME
Personal name شہاب الدین ثاقیب
245 ## - TITLE STATEMENT
Title انجمن ترقی اردو [ہند] کی علمی اور ادبی خدمات /
Statement of responsibility, etc شہاب الدین ثاقیب
246 ## - VARYING FORM OF TITLE
Title proper/short title Anjuman Tarqi Urdu (Hind) Ki Almi Aur Adbi Khidmat /
Remainder of title by Shahabuddin Saqib
260 ## - PUBLICATION, DISTRIBUTION, ETC. (IMPRINT)
Place of publication, distribution, etc -
Name of publisher, distributor, etc -
Date of publication, distribution, etc 1990 ء
270 ## - ADDRESS
Address -
City -
Postal code -
300 ## - PHYSICAL DESCRIPTION
Extent 472 ص
Dimensions 21cm(Hb)
942 ## - ADDED ENTRY ELEMENTS (KOHA)
Source of classification or shelving scheme Dewey Decimal Classification
Item type Urdu Bks
Classification part 840
Call number suffix ش ہ ا
Holdings
Withdrawn status Lost status Not for loan Collection code Home library Current library Date acquired Source of acquisition Cost, normal purchase price Full call number Barcode Copy number Cost, replacement price Koha item type
      Non-fiction Central Library Central Library 24/12/2019 BPPD/Ven. 200.00 840 ش ہ ا A-835193 1 200.00 Urdu Bks

© Delhi Public Library
Hit Counter
free hit counter